70 años de narrativa argentina (Registro nro. 35489)

000 -CABECERA
campo de control de longitud fija 00789cam a22002654 4500
001 - NÚMERO DE CONTROL
campo de control 7165399
003 - IDENTIFICADOR DEL NÚMERO DE CONTROL
campo de control AR-RgUNPA
005 - FECHA Y HORA DE LA ÚLTIMA TRANSACCIÓN
campo de control 20260310103805.0
008 - DATOS DE LONGITUD FIJA--INFORMACIÓN GENERAL
campo de control de longitud fija 721026s1970 sp grb 000 1 spa
010 ## - NÚMERO DE CONTROL DE LA BIBLIOTECA DEL CONGRESO
Número de control de LC 77287214
035 ## - NÚMERO DE CONTROL DEL SISTEMA
Número de control de sistema 7165399
035 ## - NÚMERO DE CONTROL DEL SISTEMA
Número de control de sistema (OCoLC)478112
040 ## - FUENTE DE LA CATALOGACIÓN
Centro catalogador/agencia de origen SIUNPA
Centro/agencia transcriptor SIUNPA
Lengua de catalogación spa
Normas de descripción AACR2
044 ## - CÓDIGO DEL PAÍS DE LA ENTIDAD EDITORA/PRODUCTORA
Código MARC del país ag
050 00 - SIGNATURA TOPOGRÁFICA DE LA BIBLIOTECA DEL CONGRESO
Número de clasificación PQ7776
Número de documento/Ítem .Y3
080 ## - NÚMERO DE LA CLASIFICACIÓN DECIMAL UNIVERSAL
Número de la Clasificación Decimal Universal 821.134.2(82) S495s
245 10 - MENCIÓN DE TÍTULO
Título 70 años de narrativa argentina
Mención de responsabilidad, etc. : 1900-1970
Resto del título / prólogo, selección y notas de Roberto Yahni.
260 ## - PUBLICACIÓN, DISTRIBUCIÓN, ETC.
Lugar de publicación, distribución, etc. Madrid,
Nombre del editor, distribuidor, etc. Alianza Editorial
Fecha de publicación, distribución, etc. , 1970
300 ## - DESCRIPCIÓN FÍSICA
Extensión 212 p.
490 0# - MENCIÓN DE SERIE
Mención de serie (El Libro de bolsillo. Sección: Literatura
Designación de volumen o secuencia ; 267)
650 #0 - PUNTO DE ACCESO ADICIONAL DE MATERIA--TÉRMINO DE MATERIA
Término de materia o nombre geográfico como elemento de entrada LITERATURA ARGENTINA
650 #0 - PUNTO DE ACCESO ADICIONAL DE MATERIA--TÉRMINO DE MATERIA
Término de materia o nombre geográfico como elemento de entrada CUENTO
700 ## - PUNTO DE ACCESO ADICIONAL--NOMBRE DE PERSONA
Código de función/relación , pról., selección y notas de
Nombre de persona Yahni, Roberto
942 ## - ELEMENTOS DE PUNTO DE ACCESO ADICIONAL (KOHA)
Fuente del sistema de clasificación o colocación
Tipo de ítem Koha Libros
Existencias
Estado de retiro Estado de pérdida Fuente del sistema de clasificación o colocación Estado dañado No para préstamo Código de colección Localización permanente Ubicación/localización actual Fecha de adquisición Fuente de adquisición Coste, precio normal de compra Número de inventario Signatura topográfica completa Código de barras Fecha visto por última vez Precio válido a partir de Tipo de ítem Koha
          Colección General SIUNPA Biblioteca Académica Malvina Perazo 2026-03-10 Donación Magnoni 29000.00 05-52009 821.134.2(82) S495s 05-52009 2026-03-10 2026-03-10 Libros